Diversidad, estructura y riesgo de los árboles del Tecnológico de Antioquia - Institución Universitaria /

Bibliographic Details
Main Authors: Serna González, Marcela (Author), Jiménez, Eliana M. (Author)
Format: Electronic eBook
Language:Spanish
Published: Medellín : Sello Editorial Tecnológico de Antioquia, [2021]
Edition:Primera edición.
Subjects:
Online Access:Digitalia Hispánica

MARC

LEADER 00000nam a2200000 i 4500
001 DIGTECANT0020
003 NyNyDIG
007 cr |||||||||||
008 241202s2021 ck o ob 001 0 spa d
006 m o d
035 |a (OCoLC)1478203975 
040 |a DGITA  |b eng  |e rda  |e pn  |c DGITA 
020 |a 9789588628745  |q digital 
020 |z 9789588628738  |q impreso 
043 |a s-ck--- 
050 1 4 |a QK265 ebook 
100 1 |a Serna González, Marcela,  |e author. 
245 1 0 |a Diversidad, estructura y riesgo de los árboles del Tecnológico de Antioquia - Institución Universitaria /  |c Marcela Serna González, Eliana M. Jiménez. 
250 |a Primera edición. 
264 1 |a Medellín :  |b Sello Editorial Tecnológico de Antioquia,  |c [2021] 
300 |a 1 online resource :  |b photographs. 
336 |a text  |b txt  |2 rdacontent 
337 |a computer  |b c  |2 rdamedia 
338 |a online resource  |b cr  |2 rdacarrier 
347 |a text file  |2 rdaft 
347 |b PDF 
500 |a "Con la participación del Semillero Ecosistemas y Cambio Climático". 
500 |a "Grupo de Investigación en Temas Agroambientales-INTEGRA, Facultad de Ingeniería, Tecnológico de Antioquia - Institución Universitaria". 
504 |a Includes bibliographical references and indexes. 
588 0 |a Online resource; title from PDF title page (Digitalia, viewed December 2, 2024) 
650 0 |a Trees  |z Colombia  |z Medellín  |x Classification. 
650 0 |a Trees in cities  |z Colombia  |z Medellín. 
700 1 |a Jiménez, Eliana M.,  |e author. 
791 2 |a Digitalia (Firm),  |e distributor. 
793 0 |g Digitalia eBook Collection:  |a Tecnológico de Antioquia 
776 0 8 |i Print version:  |a Serna González, Marcela.  |t Diversidad, estructura y riesgo de los árboles del Tecnológico de Antioquia - Institución Universitaria.  |b Primera edición.  |d Medellín : Sello Editorial Tecnológico de Antioquia, [2021]  |z 9789588628738 
856 4 0 |3 Digitalia Hispánica  |u https://www.digitaliapublishing.com/a/159141/ 
910 |a Premium collection: 2024